Word Ladder: LIVE to DIED - Statistics

General Stats
  • This quiz has been taken 1,917 times
  • The average score is 20 of 21
Answer Stats
Definiton LIVE % Correct
Past tense of come Came
99%
The Hunchback of Notre ____ Dame
99%
Plunge head first into the water Dive
99%
Opposite of slow Fast
99%
Something you wear if you break a bone Cast
98%
Circular roof; often used in sports stadiums Dome
98%
Type of white bird Dove
98%
If you don't win, you ____ Lose
98%
Something you store small items in; Suit____ Case
97%
Hand gesture used to punch Fist
97%
If it is not a win it is a ____ Loss
96%
Facial body part Nose
96%
If you don't hit, you____ Miss
95%
Humid fog-like substance Mist
95%
Plant that forms on rocks by water Moss
95%
Naughty or ____ lists. Think Christmas Nice
95%
Six sided randomizers for board games Dice
94%
(Remove a Letter) Singular form of above Die
93%
Add a Letter Died
91%
Shortened way to say night Nite
89%
A British bill Note
85%
No matching quizzes found
Score Distribution
Percent of People with Each Score
Percentile by Number Answered
Your Score History
You have not taken this quiz